Hệ thống hóa các văn bản pháp luật về tổ chức và hoạt động của quốc hội
Quyển sách trình bày một cách có hệ thống các quy định của pháp luật về tổ chức và hoạt động của Quốc hội, các cơ quan của Quốc hội, đại biểu Quốc hội, Đoàn đại biểu Quốc hội, văn phòng Quốc hội và các cơ quan chuyên môn của Ủy ban...
Gespeichert in:
| Format: | Buch |
|---|---|
| Sprache: | Undetermined |
| Veröffentlicht: |
Hà Nội
Tư pháp
2005
|
| Schlagworte: | |
| Tags: |
Tag hinzufügen
Keine Tags, Fügen Sie den ersten Tag hinzu!
|
| Thư viện lưu trữ: | Trung tâm Học liệu Trường Đại học Cần Thơ |
|---|
| LEADER | 01202nam a2200205Ia 4500 | ||
|---|---|---|---|
| 001 | CTU_112890 | ||
| 008 | 210402s9999 xx 000 0 und d | ||
| 020 | |c 60000 | ||
| 082 | |a 328.59705 | ||
| 082 | |b H250 | ||
| 245 | 0 | |a Hệ thống hóa các văn bản pháp luật về tổ chức và hoạt động của quốc hội | |
| 245 | 0 | |c Trung tâm Thông tin Thư viện và Nghiên cứu Khoa học | |
| 260 | |a Hà Nội | ||
| 260 | |b Tư pháp | ||
| 260 | |c 2005 | ||
| 520 | |a Quyển sách trình bày một cách có hệ thống các quy định của pháp luật về tổ chức và hoạt động của Quốc hội, các cơ quan của Quốc hội, đại biểu Quốc hội, Đoàn đại biểu Quốc hội, văn phòng Quốc hội và các cơ quan chuyên môn của Ủy ban thường vụ Quốc hội và được sắp xếp theo giá trị pháp lý của văn bản từ cao xuống thấp. | ||
| 650 | |a Parliamentary practice,Legislative bodies | ||
| 650 | |z Vietnam | ||
| 904 | |i Giang | ||
| 980 | |a Trung tâm Học liệu Trường Đại học Cần Thơ | ||